Least Visited National Park System Units - Statistics

General Stats
  • This quiz has been taken 5 times
  • The average score is 5 of 11
Answer Stats
State Type Number of Visitors National Park Site Hint % Correct
Texas Wild and Scenic River 324 Rio Grande W&SR named after a famous river, within the boundaries of Big Bend NP
100%
Alaska National Preserve 1,114 Yukon-Charley Rivers NPRES named after two rivers meeting here
60%
Alaska National Monument and Preserve 100 Aniakchak NM & PRES known for consistently being the least visited NPS site
40%
Alaska National Preserve 2,642 Bering Land Bridge NPRES 10,00-12,000 years ago, people from Russia migrated to America across this stretch of land
40%
D.C. National Historic Site 2,381 Carter G. Woodson Home NHS home of the founder of the Black History Month
40%
Maryland National Historic Site 4,100 Clara Barton NHS founder of the American Red Cross
40%
D.C. National Historic Site 3,788 Mary McLeod Bethune Council House NHS Headquarters of the "National Council for Negro Women"
40%
Kansas National Historic Site 3,540 Nicodemus NHS first all-black settlement on the Great Plains
40%
California National Memorial 830 Port Chicago Naval Magazine NMEM site of the largest domestic loss of life during WWII
40%
Pennsylvania National Memorial 1,921 Thaddeus Kościuszko NMEM located in Philadelphia, honoring a Polish-born freedom fighter
40%
California National Historic Site 2,944 Eugene O´Neill NHS home of America´s only Nobel Prize-winning playwright
20%
No matching quizzes found
Score Distribution
Percent of People with Each Score
Percentile by Number Answered
Your Score History
You have not taken this quiz